| 000 | 01003cab a22002295a 4500 | ||
|---|---|---|---|
| 001 | L145277 | ||
| 008 | 080923e20080920xxka f g 000 0 eng d | ||
| 035 | _a(Sirsi) u145277 | ||
| 041 | 0 | _aeng | |
| 100 | 1 | _aSmith, Darran | |
| 245 | 0 | 0 | _aDon't act off your own bat |
| 260 | _c2008 | ||
| 490 |
_aEstates Gazette _v(0837) 20 September 2008, 144-145(2) |
||
| 520 | _aMainly for Students article looks at the preservation of wildlife including bats and newts and suggests that developers must pay careful attention to UK and EU legislation before risking harming local wildlife. The author recommends seeking early expert advice when in doubt and looks at planning and EPS licences (European protected species). | ||
| 590 | _aKA | ||
| 650 | 2 | 4 | _aR (ON THE APPLICATION OF NEWSUM) V WELSH ASSEMBLY (NO 2) |
| 650 | 2 | 4 | _aR V CORNWALL COUNTY COUNCIL EX PARTE HARDY |
| 650 | 2 | 4 | _aWILDLIFE AND COUNTRYSIDE ACT 1981 |
| 651 | 4 |
_aUnited Kingdom _y |
|
| 690 |
_aPlanning and development _96259 |
||
| 942 | _n0 | ||
| 999 |
_c80759 _d80759 |
||